| 000 | 00000nam 2200000za 4500 |
| 001 | 9.837687 |
| 003 | CaOODSP |
| 005 | 20241203113639 |
| 007 | cr ||||||||||| |
| 008 | 170605s2012 onc #o f000 0 eng d |
| 040 | |aCaOODSP|beng |
| 043 | |an-cn--- |
| 086 | 1 |aEn4-304/2012E-PDF |
| 245 | 11|a[Sublethal toxicity test checklists] |h[electronic resource]. |
| 246 | 17|aEMM guidance document |
| 260 | |a[Ottawa : |bEnvironment Canada, |c2012] |
| 300 | |a[26] p. |
| 500 | |aIssued also in French under title: [Le tableau des tests de toxicité sublétale]. |
| 692 | 07|2gccst|aToxicology |
| 710 | 1 |aCanada. |bEnvironment Canada. |
| 775 | 08|t[Le tableau des tests de toxicité sublétale] |w(CaOODSP)9.837688 |
| 794 | |tSublethal toxicity test checklists |w(CaOODSP)9.836094 |
| 856 | 40|qPDF|s385 KB|uhttps://publications.gc.ca/collections/collection_2017/eccc/En4-304-2012-eng.pdf |